00385cam a2200157ua 45000010005000000080039000050400009000440410008000530820012000611000025000732450050000982500009001482600031001573000010001886530029001989054150220n ii |||gr||||Z||||||eng cMAIN aeng a294.592 aSaikia, H.,eEditor.1 aSrimadbhagavadgeetacEdited by Hiranya Saikia a1st. aDibrugarh:bAnupom,c2000. a320p. aReligions ofIndic origin